000 00793nam a2200241Ia 4500
003 OSt
005 20220926013528.0
006 a|||||r|||| 00| 0
007 ta
008 220923b |||||||| |||| 00| 0 eng d
037 _cGeneral Book
040 _aRTL
_cRTL
_beng
041 _2eng
_aeng
082 _aX755:(Z,3), H9.71-1
110 _aInternational bank for Reconstruction and Development
_9122816
245 0 _aAgreement amending loan agreement
_b Kariba North p
260 _aNew York
_bInternational Bank for Reconstruction and Development U S A
_c1974
300 _a15p.
_ccm.
650 _aForeign Loan
700 _aInternational bank for Reconstruction and Development
_9122817
942 _hX755:(Z,3), H9.71-1
_cGB
_2CC
999 _c626142
_d626142